Engineering Mechanics : dynamics

Αποθηκεύτηκε σε:
Λεπτομέρειες βιβλιογραφικής εγγραφής
Κύριος συγγραφέας: Hibbeler, R. C.
Μορφή: Βιβλίο
Γλώσσα:English
Δημοσίευση: Upper-Hall Saddle River, New Jersey : Prentice-Hall, 1998
Έκδοση:8th ed.
Θέματα:
Ετικέτες: Προσθήκη ετικέτας
Δεν υπάρχουν, Καταχωρήστε ετικέτα πρώτοι!

MARC

LEADER 00000cam a2200000 i 4500
001 1/56678
008 011207s1998 eng d
020 |a 0-13-578261-9 
035 |l 10000030 
040 |a GR-MY-UA  |b gre  |e aacr 
041 0 |a eng 
082 0 |a 620.1054 
100 1 |a Hibbeler, R. C. 
245 1 0 |a Engineering Mechanics :  |b dynamics /  |c R. C. Hibbeler 
250 |a 8th ed. 
260 |a Upper-Hall Saddle River, New Jersey :   |b Prentice-Hall,   |c 1998 
300 |a xvi,672p. 
504 |a Includes bibliographical references and index 
650 0 0 |a Dynamics. 
852 |a INST  |b CHIOS  |e 20011207  |h 620.1054 ΗΙΒ  |p 005200020572  |q 005200020572  |t BK  |y 0 
852 |a INST  |b CHIOS  |e 20011207  |h 620.1054 ΗΙΒ  |p 005200020573  |q 005200020573  |t BK  |y 0 
852 |a INST  |b CHIOS  |e 20011207  |h 620.1054 ΗΙΒ  |p 005200020574  |q 005200020574  |t BK  |y 0 
852 |a INST  |b CHIOS  |e 20011207  |h 620.1054 ΗΙΒ  |p 005200020575  |q 005200020575  |t BK  |y 0 
852 |a INST  |b CHIOS  |e 20011207  |h 620.1054 ΗΙΒ  |p 005200020576  |q 005200020576  |t BK  |y 0 
852 |a INST  |b CHIOS  |e 20011207  |h 620.1054 ΗΙΒ  |p 005200020577  |q 005200020577  |t BK  |y 0 
852 |a INST  |b CHIOS  |e 20011207  |h 620.1054 ΗΙΒ  |p 005200020578  |q 005200020578  |t BK  |y 0 
852 |a INST  |b CHIOS  |e 20011207  |h 620.1054 ΗΙΒ  |p 005200020579  |q 005200020579  |t BK  |y 0 
852 |a INST  |b CHIOS  |e 20011207  |h 620.1054 ΗΙΒ  |p 005200020580  |q 005200020580  |t BK  |y 0 
852 |a INST  |b CHIOS  |e 20011207  |h 620.1054 ΗΙΒ  |p 005200020581  |q 005200020581  |t BK  |y 0 
852 |a INST  |b CHIOS  |e 20011207  |h 620.1054 ΗΙΒ  |p 005200020582  |q 005200020582  |t BK  |y 0 
852 |a INST  |b CHIOS  |e 20011207  |h 620.1054 ΗΙΒ  |p 005200020583  |q 005200020583  |t BK  |y 0 
852 |a INST  |b CHIOS  |e 20011207  |h 620.1054 ΗΙΒ  |p 005200020584  |q 005200020584  |t BK  |y 0 
852 |a INST  |b CHIOS  |e 20011207  |h 620.1054 ΗΙΒ  |p 005200020585  |q 005200020585  |t BK  |y 0 
901 |a BIBL2-2001-3 
909 |a Χ  |b 098423 
909 |a X  |b 098422 
909 |a X  |b 098426 
909 |a X  |b 098424 
909 |a X  |b 098425 
909 |a X  |b 098421 
909 |a X  |b 098434 
909 |a X  |b 098433 
909 |a X  |b 098432 
909 |a X  |b 098431 
909 |a X  |b 098430 
909 |a X  |b 098429 
909 |a X  |b 098427 
909 |a X  |b 098428 
970 |a ΝΤΟΥΜΗ  |b ΜΑΡΙΑ  |z 2001/12/07